00419nam a2200145Ia 4500008004100000082001800041100002000059245004100079260002300120365000800143600002000151630004100171700002000212730004100232110201s9999 xx 000 0 und d bB10202aE 653 aSogyal Rinpoche aThe Tibetan Book of Living and Dying bHarper Collins Pub b145 aSogyal Rinpoche aThe Tibetan Book of Living and Dying aSogyal Rinpoche aThe Tibetan Book of Living and Dying